000 00780nam a22002177a 4500
999 _c16962
_d16962
003 AR-CdUCM
008 190506b ||||| |||| 00| 0 spa d
040 _aMUNICIPALIDAD PROVINCIAL DEL CUSCO
_cBIBLIOTECA MUNICIPAL DEL CUSCO
082 _a869.508 /
_bG166
100 _aGallegos , Rómulo
_9251
245 _aCantaclaro /
260 _aLima :
_bEdit. Latinoamericana,
_c1958.
300 _a227 páginas ;
_c17 cm.
440 _aCuarto festival del libro dirigido por Manuel Scorza
_936732
505 _aContenido: La copla errante -- Al abrigo de las matas -- Juan el Veguero -- El blanco de hato viejo...
650 _aNovelas venezolanas
_910214
650 _aNovelas de costumbres
_9168
650 _aVenezuela
_92312
942 _2ddc
_cLIBROS
945 _adavv
_d06/05/2019